| 000 | 007560000a22002650004500 | ||
|---|---|---|---|
| 001 | 44321 | ||
| 010 | _a2-266-01968-6 | ||
| 100 | _a20071108d1987 k y0pory5003 ba | ||
| 101 | 0 | _afre | |
| 102 | _aFR | ||
| 200 | 1 |
_aSherlock Holmes _fConan Doyle _gtrad. e notas Frédérique Coste _ebilingue: vol. II |
|
| 210 |
_aParis _cPresses Pocket _d1987 |
||
| 215 | _a287, [1] p. | ||
| 225 | 2 |
_aLes langues pourtous _v2715 |
|
| 606 | _aLiteratura | ||
| 606 | _aLíngua francesa | ||
| 606 | _aLíngua inglesa | ||
| 606 | _aConto | ||
| 675 |
_a82 _vBN _zpor |
||
| 675 |
_a80 _vBN _zpor |
||
| 700 | 1 |
_aDoyle _bArthur Conan _f1859-1930 |
|
| 702 | 1 |
_915718 _4730 _aCoste _bFrédérique |
|
| 090 | _a44321 | ||
| 942 |
_cMON _n0 |
||
| 999 | _a44321 | ||